LEADER 00445nab a2200145 i 4500 001 000000277977 003 CaOOAMICUS 005 20121019000000.0 008 121019n xx uu u0 0und r 013 $a28644 040 $aSeMil$bita 245 10$a[SENZA TITOLO]. - 32 p. 500 $aOTTOBRE 2012 - Supplemento. 773 0 $tCantet vox, cantet vita.$dRoma : AISC, stampa 2012.$w()213699 996 $6245$a[SENZA TITOLO]. - 32 p.$9(OLS)http://semarc/title/356032 LEADER 00632nam a2200193 i 4500 001 000000242806 003 CaOOAMICUS 005 20150616000000.0 008 150616s1843 it u000 u ita u 013 $a221711 040 $aSeMil$bita 245 10$aTomo 4. 300 $a225 p. 773 0 $tTutte le opere del padre Agostino da Fusignano predicatore cappuccino.$dVenezia : G. Antonelli, 1843-1844.$g4$w()32050 850 $aSeMil 852 $aSeMil$W1$xVenegono$y1$m3F IV 52 FA$j193152$B193152$CSeMilBibl$Z2$F203941 $8I 941 1 $a10 961 $aRecupero: Mantegazza 996 $6245$aTomo 4$9(OLS)http://semarc/title/136909